LEADER 01602nam a2200313 a 4500 001 000000140046 003 CaOOAMICUS 005 20141007160324.0 008 141007s2008 vc a u000 u ita r 020 $a978-88-210-0837-5 040 $aPUL$bita 100 1 $aMacino, Francesca.$0(OLS)http://pul/name/90307 245 10$aSulle tracce delle Istituzioni di Giustiniano nell'Alto Medioevo :$bi manoscritti dal VI al XII secolo /$cFrancesca Macino. 260 $aCittą del Vaticano :$bBiblioteca Apostolica Vaticana,$c2008. 300 $a247 p. :$bill. ;$c25 cm 490 1 $aStudi e testi ;$v446 600 04$aIustinianus$bI,$cimperatore d'Oriente,$d482-565.$0(OLS)http://pul/subject/1584 630 04$aCorpus iuris civilis$pInstitutiones.$0(OLS)http://pul/subject/37001 830 0$aStudi e testi (Biblioteca apostolica vaticana) ;$v446.$0(OLS)http://pul/title/1077 850 $aPUL 852 $aPUL$W1$xDP1 Cons. Gen., Altre Classi 1$y22$m158 F 446$j161768$qStampati$B161221$CPULBib$Z2$F161221 $H124723 $82 941 1 $a8 960 $aJustinianus,$bI,$cimperatore d'Oriente,$d482-565$91584 960 $aGiustiniano$bI,$cimperatore d'Oriente,$d482-565$91584 960 $aInstitutiones (Corpus iuris civilis)$937001 996 $6020$a978-88-210-0837-5 $9(OLS)http://pul/number/156128 996 $6245$aSulle tracce delle Istituzioni di Giustiniano nell'Alto Medioevo :$bi manoscritti dal VI al XII secolo$9(OLS)http://pul/title/177283 996 $6260$aCittą del Vaticano :$bBiblioteca Apostolica Vaticana$9(OLS)http://pul/publisher/48729 LEADER 01213nam a2200289 u 4500 001 000000092345 003 CaOOAMICUS 005 20070226124929.0 008 060606s2000 it cfh u000 u ita u 020 $a8802024677 035 $a11091604 040 $aPUL$bita 100 1 $aLeopardi, Giacomo,$cconte,$d1798-1837.$0(OLS)http://pul/name/10277 240 10$aOpere$9(Leopardi, Giacomo, conte, 1798-1837).$0(OLS)http://pul/title/34597 245 10$aOpere /$cdi Giacomo Leopardi ; a cura di Mario Fubini. 260 $aTorino :$bUTET,$cc2000. 300 $a1272 p., [9] p. di tav. :$britr., facsim. ;$c24 cm 490 1 $aClassici italiani ;$v77 500 $aRistampa e copyright del 2000. 700 1 $aFubini, Mario,$d1900-1977.$0(OLS)http://pul/name/9009 830 0$aClassici italiani (UTET) ;$v77.$0(OLS)http://pul/title/6039 850 $aPUL 852 $aPUL$W1$xSL Cons. Gen., Altre Classi 3$y75$m850 COLL 1.77$j116152$nBK-PRI$b $qDDC 21$B116152$CPULBib$Z2$F116152 $HPUL101467 $81 941 1 $a9 996 $6020$a8802024677$9(OLS)http://pul/number/121324 996 $6245$aOpere$9(OLS)http://pul/title/9199 996 $6260$aTorino :$bUTET$9(OLS)http://pul/publisher/48088